Zwierzęta youtuberów - Statystyki

Ogólne statystyki
  • Ten quiz został rozwiązany 1 162 razy
  • Średni wynik to 5 z 14
Statystyki odpowiedzi
Zwierzak Youtuber % Poprawnych
Łapka Friz
78%
Kampi Rezigiusz
73%
Bilon Gimper
67%
Kermi Stuu
48%
Maurycy Kolega Ignacy
41%
Yoshi Deejaypallaside
36%
Wedel Mandzio
33%
Psipsi Naruciak
29%
Beta Isamu
26%
Jasiek Poszukiwacz
22%
Neptun Skkf
22%
Majka Xayoo
8%
Panda GlampaulaTV
5%
Maya Pewdiepie
4%
Nie znaleziono quizów pasujących do podanych kryteriów
Rozkład punktacji
Procent ludzi z każdym wynikiem
Percentyl według liczby udzielonych odpowiedzi
Twoja historia wyników
Nie rozwiązałeś tego quizu